000 01797nam a2200241 a 4500
001 000037640
005 20250701135406.0
008 121023s2012 dr ad 000 0 spa d
040 _aDO-SdBNP
_bspa
_cBNPHU
082 _a658.404
_bR311me
245 0 0 _aRecopilación de los mejores proyectos :
_blibro conmemorativo 2011.
260 _aSanto Domingo :
_bODEBRECHT ,
_c[2012].
300 _a307 p. :
_bil., gráfcs. ;
_c23 cm.
504 _aIncluye bibliografía y notas al pie de páginas y al final de capítulos.
505 0 _tReutilización de escombros para la fabricación de agregado fino en la ciudad de Santo Domingo --
_tAprovechamiento sostenible de escombros en la construcción de edificaciones --
_tProducción de energía y abono orgánico a partir de la instalación de biodigestores en granjas porcinas. Caso: Agropecuaria Suárez Rufino, La Vega --
_tEnergía eléctrica usando la energía potencial del tránsito vial para suplir a los semáforos y señales de tránsito --
_t-H20 (menos agua) --
_tNevera solar --
_tGreen Services Provider: Sistema de distribución sostenible de energías renovables --
_tEscuela pública sostenible: proposición de un modelo innovador ecofuncional en la República Dominicana --
_tPropuesta para un edificio energizado y climatizado con aerotoberas, como modelo sostenible para villas estudiantiles en la República Dominicana.
586 _aPremio ODEBRECHT para el desarrollo sostenible República Dominicana - 2011.
590 _aInventariado, 2018/ YL
650 4 _aEvaluación de proyectos
_xAspectos económicos
_96642
650 4 _aDesarrollo experimental
_920597
650 0 _aProyectos de desarrollo económico
_96643
650 4 _aDesarrollo sostenible
_xInnovaciones tecnológicas
_964113
910 _aValidado. Control de calidad EMS
999 _c37130
_d37130